000 00602nam a2200193 i 4500
001 146935
003 ES-MaACL
005 20230906201734.0
007 t|
008 070919s1988 sp ||||1| spa d
020 _a84-76099-1
100 1 _aTsu-der-Chou, George.
_9111610
245 1 0 _adBase III
_b: guia del programador /
_cGeorge Tsu-der-Chou George ; traducción y adaptación Kenneth Thomson.
250 _a6ª reimp.
260 _aMadrid :
_bAnaya Multimedia,
_c1988.
300 _a574 p. :
_bil ;
_c23 cm.
700 1 _aThonson, Kenneth.
_9110128
852 _aES-MaACL
_jL-12463
_bR.116028
999 _c146935
_d146935